| 000 | 00585cam a22001931 4500 | ||
|---|---|---|---|
| 082 |
_a624.176 _bROA _cL-20, P-21 |
||
| 100 | 1 |
_aRoark, Raymond J. _942870 |
|
| 245 | 1 | 0 | _aFormulas for stress and strain. |
| 250 | _a3d ed. | ||
| 260 |
_aNew York, _bMcGraw-Hill _c1954. |
||
| 300 |
_a381 p. _billus. _c24 cm. |
||
| 526 |
_a0 _b0 _c0 _d624_176000000000000_ROA |
||
| 526 |
_a0 _b0 _c0 _d624_176000000000000_ROA |
||
| 526 |
_a0 _b0 _c0 _d624_176000000000000_ROA |
||
| 526 |
_a0 _b0 _c0 _d624_176000000000000_ROA |
||
| 650 | 0 |
_aMCE _9379 |
|
| 650 | 0 |
_aStrains and stresses. _928238 |
|
| 942 |
_2ddc _cBK |
||
| 999 |
_c546689 _d546689 |
||